Visualizzazione normale
Vista MARC
- Koehler T.
di Personal Name
Records bibliografici associati: 1
001 - CONTROL NUMBER
- control field: 28897
003 - CONTROL NUMBER IDENTIFIER
- control field: IT-RoPau
005 - DATE AND TIME OF LATEST TRANSACTION
- control field: 20140611163023.0
008 - FIXED-LENGTH DATA ELEMENTS
- fixed length control field: 140611|| aca||aabn | a|a d
040 ## - CATALOGING SOURCE
- Original cataloging agency: IT-RoPau
- Transcribing agency: IT-RoPau
100 ## - HEADING--PERSONAL NAME
- Personal name: Koehler T.
- Miscellaneous information: Codice autore SPICS: 15819
- Relator term: Autore
- Name of part/section of a work: Let's Fall In Love
670 ## - SOURCE DATA FOUND
- Source citation: Work cat.: (IT-RoPau)102783: AA.VV. 794, Vienna Concert (The)